000 00585nam a2200193Ia 4500
999 _c3673
_d3673
003 OSt
005 20201111150027.0
008 190216s9999||||xx |||||||||||||| ||und||
020 _a9788126536863
040 _coclc
082 _a547
_bMAR/M
100 _aMarch, Jerry
_94072
245 0 _aMarch`s Advanced Organic Chemistry :
_bReactions, Mechanisms And Structure /
_cJerry March ; Michael B Smith
250 _a6th Ed.
260 _bWiley Student,
_c2014.
_aNew Delhi:
300 _a1869p
650 _aChemistry
942 _cBK
_2ddc
_h547
_iMAR/M
_k547
_mMAR/M